[Event "Glassy Stream Open"]
[Site "Kharkov UKR"]
[Date "2004.07.16"]
[Round "8"]
[White "Tarlev,K"]
[Black "Ianovsky,A"]
[Result "0-1"]
[WhiteElo "2363"]
[BlackElo "2248"]

1.e4 c5 2.Nf3 d6 3.Bb5+ Bd7 4.Bxd7+ Qxd7 5.c4 Nc6 6.d4 cxd4 7.Nxd4 Nf6 8.Nc3 g6
9.O-O Bg7 10.Nde2 O-O 11.f3 a6 12.a4 e6 13.Be3 Rfe8 14.Qd2 Na5 15.Qd3 Rac8
16.Bf2 Nxc4 17.b3 Ne5 18.Qd2 d5 19.f4 dxe4 20.Rad1 Qxd2 21.Rxd2 Nf3+ 22.gxf3 exf3
23.Bd4 fxe2 24.Rxe2 Nd5 25.Bxg7 Nxc3 26.Bxc3 Rxc3 27.Rd1 Rxb3 28.Rc2 Rb4  0-1

[Event "15th Open"]
[Site "Ljubjana SLO"]
[Date "2004.07.16"]
[Round "9"]
[White "Kovacevic,A"]
[Black "Janovsky,S"]
[Result "1/2-1/2"]
[WhiteElo "2551"]
[BlackElo "2492"]

1.e4 c5 2.Nf3 d6 3.Bb5+ Bd7 4.Bxd7+ Qxd7 5.O-O Nc6 6.c3 Nf6 7.d4 Nxe4 8.d5 Ne5
9.Re1 Nf6 10.Nxe5 dxe5 11.Rxe5 O-O-O 12.c4 e6 13.Nc3 Bd6 14.Re1 exd5 15.cxd5 Qf5
16.Be3 Rhe8 17.Nb5 Bb8 18.Qa4 a6 19.Rac1 Rxd5 20.Nc3 Rd7 21.Qa5 Bxh2+ 22.Kxh2 Ng4+
23.Kg3 Nxe3 24.Rxe3 Qg5+ 25.Kf3 Qh5+ 26.Kg3 Qg5+ 27.Kf3 Qf5+ 28.Kg3 Qg5+
29.Kf3 Qf5+ 30.Kg3 Qg5+  1/2-1/2

[Event "Specsavers YM"]
[Site "Millfield School ENG"]
[Date "2004.07.19"]
[Round "1"]
[White "Pinter,G"]
[Black "Eggleston,D"]
[Result "1/2-1/2"]
[WhiteElo "2356"]
[BlackElo "2140"]

1.e4 c5 2.Nf3 d6 3.Bb5+ Bd7 4.Bxd7+ Qxd7 5.c4 Nf6 6.Nc3 g6 7.d4 cxd4 8.Nxd4 Bg7
9.f3 O-O 10.O-O Rc8 11.b3 d5 12.exd5 Nxd5 13.Nxd5 e6 14.Bh6 exd5 15.Bxg7 Kxg7
16.Nb5 dxc4 17.Nd6 Rd8 18.Nxb7 Qxd1 19.Rfxd1 Rxd1+ 20.Rxd1 cxb3 21.axb3 Nc6
22.Rd7 g5 23.Nc5 Rc8 24.Kf2  1/2-1/2

[Event "Open"]
[Site "Balatonlelle HUN"]
[Date "2004.07.20"]
[Round "2"]
[White "Czebe,A"]
[Black "Gara,T"]
[Result "1-0"]
[WhiteElo "2481"]
[BlackElo "2291"]

1.e4 c5 2.Nf3 d6 3.Bb5+ Bd7 4.Bxd7+ Qxd7 5.O-O Nf6 6.e5 dxe5 7.Nxe5 Qc7 8.d4 cxd4
9.Bf4 Qc5 10.Nd2 e6 11.Nb3 Qd5 12.Nxd4 Bc5 13.Nb3 Bb6 14.Qe2 O-O 15.Rfe1 Qd8
16.Rad1 Qc8 17.Bg5 Nbd7 18.Nxd7 Nxd7 19.Rd3 Bd8 20.Bxd8 Rxd8 21.Red1  1-0

[Event "ACT Open"]
[Site "Amsterdam NED"]
[Date "2004.07.22"]
[Round "6"]
[White "Al Tamimi,H"]
[Black "Wunnink,M"]
[Result "1-0"]
[WhiteElo "2169"]
[BlackElo "2245"]

1.e4 c5 2.Nf3 d6 3.Bb5+ Nc6 4.Bxc6+ bxc6 5.O-O e5 6.c3 Nf6 7.d4 cxd4 8.cxd4 Qc7
9.dxe5 dxe5 10.Qc2 Bd6 11.Nbd2 O-O 12.b3 Nd7 13.Bb2 Nb6 14.Rac1 Ba6 15.Rfd1 Qe7
16.Nf1 Rac8 17.Ne3 g6 18.Ng4 f6 19.Nh4 Bb8 20.f4 Nd7 21.Qd2 Rcd8 22.Rxc6 Bb7
23.Rc4 Nb6 24.Nh6+ Kh8 25.Qxd8 Rxd8 26.Rxd8+ Qxd8 27.Nf7+ Kg8 28.Nxd8 Nxc4
29.bxc4 Bxe4 30.fxe5 fxe5 31.Ne6 Bb1 32.a3 Ba2 33.Nc5 Bxc4 34.Nd7 Bd6 35.Nxe5 Bc5+
36.Kh1 Be6 37.Nhf3  1-0

[Event "Open"]
[Site "Balatonlelle HUN"]
[Date "2004.07.22"]
[Round "4"]
[White "Czebe,A"]
[Black "Szalanczy,E"]
[Result "1-0"]
[WhiteElo "2481"]
[BlackElo "2380"]

1.e4 c5 2.Nf3 d6 3.Bb5+ Nd7 4.c3 Nf6 5.Qe2 a6 6.Ba4 b5 7.Bc2 e5 8.d4 Be7
9.a4 b4 10.dxc5 dxc5 11.O-O O-O 12.Rd1 Qc7 13.Bg5 Bb7 14.Nbd2 Rac8 15.Bd3 bxc3
16.bxc3 c4 17.Bxc4 Nc5 18.Bxf6 Bxf6 19.Ne1 Rcd8 20.Nd3 Nxd3 21.Bxd3 Qxc3
22.Nf3 Qa5 23.h3 Rd7 24.Bc2 Rc7 25.Bb3 Rfc8 26.Bd5 Rc2 27.Qe3 Qc7 28.Rab1 Bxd5
29.exd5 Be7 30.Qxe5 Bd6 31.Qe4 h6 32.Qd3 Ra2 33.Qxa6 Qc2 34.Rf1 Bg3 35.Qa7 Rc5
36.Kh1 Rxa4 37.Qe7 Bf4 38.Rb7 Rc7 39.Rxc7 Bxc7 40.d6 Bb6 41.Qe8+ Kh7 42.Qxf7 Qd3
43.Re1 Bxf2 44.Ng5+  1-0

[Event "MTO"]
[Site "Biel SUI"]
[Date "2004.07.23"]
[Round "5"]
[White "Ulibin,M"]
[Black "Buss,R"]
[Result "1/2-1/2"]
[WhiteElo "2586"]
[BlackElo "2303"]

1.e4 c5 2.Nf3 d6 3.Bb5+ Bd7 4.Bxd7+ Qxd7 5.c4 Nf6 6.Nc3 g6 7.O-O Bg7 8.d4 cxd4
9.Nxd4 O-O 10.f3 Rc8 11.b3 d5 12.e5 Ne8 13.Nxd5 e6 14.Nc3 Bxe5 15.Nde2 b5
16.Rb1 bxc4 17.bxc4 Rxc4 18.Ne4 Qc7 19.Bf4 Bxf4 20.Nxf4 Nd7 21.g3 Ndf6 22.Nxf6+ Nxf6
23.Rf2 Rd8 24.Qb3 Nd5 25.Nxd5 exd5 26.Kg2 d4 27.Qb7 Qxb7 28.Rxb7 d3 29.Rbb2 Rdc8
30.Rbd2 Rc2 31.Rxd3 Rxf2+ 32.Kxf2 Rc2+ 33.Ke3 Rxa2 34.Rd7 h5 35.h4 Ra6 36.Rb7 Kg7
37.Rc7 Kf6 38.Kf4 Ra4+ 39.Ke3 Ke6 40.Rb7 Ra5 41.Kf2 Ra3 42.g4 hxg4 43.fxg4 a5
44.Ra7 a4 45.h5 gxh5  1/2-1/2

[Event "ACT Open"]
[Site "Amsterdam NED"]
[Date "2004.07.24"]
[Round "8"]
[White "Nezad,H"]
[Black "Ramondino,R"]
[Result "1-0"]
[WhiteElo "2312"]
[BlackElo "2221"]

1.e4 c5 2.Nf3 d6 3.Bb5+ Nd7 4.d4 Nf6 5.e5 Qa5+ 6.Nc3 Ne4 7.Bxd7+ Bxd7 8.Bd2 Nxc3
9.Bxc3 Qa6 10.d5 e6 11.Ng5 dxe5 12.Bxe5 f6 13.Bxf6 exd5 14.Qh5+ g6 15.Qf3 Bh6
16.Qe3+  1-0

[Event "ch-AUT"]
[Site "Hartberg AUT"]
[Date "2004.07.24"]
[Round "1"]
[White "Diermair,A"]
[Black "Schwarhofer,C"]
[Result "1/2-1/2"]
[WhiteElo "2236"]
[BlackElo "2029"]

1.e4 c5 2.Nf3 d6 3.Bb5+ Bd7 4.Bxd7+ Qxd7 5.O-O Nc6 6.c3 Nf6 7.d4 cxd4 8.cxd4 e6
9.d5 Ne5 10.Nc3 Nxf3+ 11.Qxf3 e5 12.Qg3 Be7 13.f3 O-O 14.Be3 g6 15.Qf2 Nh5
16.a4 f5 17.exf5 gxf5 18.Bxa7 Kh8 19.Bb6 Rg8 20.Kh1 Rg6 21.f4 Rag8 22.fxe5 dxe5
23.Qxf5 Qxf5 24.Rxf5 Rxb6 25.Rxh5 Rxb2 26.g3 Rc8 27.Nb5 Rd2 28.Re1 Rcc2  1/2-1/2

[Event "ch-AUT"]
[Site "Hartberg AUT"]
[Date "2004.07.24"]
[Round "1"]
[White "Bozinovic,Bob"]
[Black "Genser,H"]
[Result "1/2-1/2"]
[WhiteElo "2163"]
[BlackElo "2285"]

1.e4 c5 2.Nf3 d6 3.Bb5+ Nd7 4.d4 cxd4 5.Qxd4 a6 6.Bxd7+ Bxd7 7.c4 Nf6 8.Nc3 e6
9.O-O Be7 10.Bg5 Qc7 11.Rfd1 O-O 12.Rac1 Rfd8 13.b3 Be8 14.h3 Rac8 15.Be3 Bc6
16.Nd5 exd5 17.cxd5 Qa5 18.dxc6 Rxc6 19.Rxc6 bxc6 20.Qa7 Re8 21.Nd4 Qxa2
22.Nxc6 Bf8 23.Nd4 Nxe4 24.Rc1 Nc5 25.Rc2 Qb1+ 26.Kh2 Ne6 27.Rc1 Qe4 28.Nxe6 Qxe6
29.Qxa6 Qxb3 30.Qc6 Qe6 31.Rd1 Rc8 32.Qd5 Qxd5 33.Rxd5 Be7 34.Kg3 f6 35.f4 g6
36.Kf3 Kf7 37.f5 Bf8 38.g4 Rc3 39.Ke4 Ra3 40.Rb5 Be7 41.Rb7 gxf5+ 42.gxf5 h5
43.h4 Ra4+ 44.Bd4 Ra5 45.Kf4 d5 46.Kf3 Ra3+ 47.Ke2 Ra8 48.Bc5 Re8 49.Kd3 Kf8
50.Rxe7 Rxe7 51.Kd4 Ke8 52.Bxe7 Kxe7 53.Kxd5 Kd7  1/2-1/2

[Event "ch-SCCF State"]
[Site "Los Angeles USA"]
[Date "2004.07.24"]
[Round "6"]
[White "West,V"]
[Black "Miller,I"]
[Result "1-0"]
[WhiteElo "2097"]
[BlackElo "2139"]

1.e4 c5 2.Nf3 d6 3.Bb5+ Nd7 4.d4 Nf6 5.Nc3 cxd4 6.Qxd4 e5 7.Qd3 h6 8.Be3 Be7
9.O-O O-O 10.Rfd1 a6 11.Bxd7 Bxd7 12.a4 Be6 13.a5 Rc8 14.Bb6 Qe8 15.Nd2 Qc6
16.Nf1 Nd7 17.Be3 Bc4 18.Qd2 Nf6 19.f3 Kh7 20.Bb6 Be6 21.Ne3 Nd7 22.Ned5 Bg5
23.Qf2 Nxb6 24.Nxb6 Rce8 25.Kh1 f5 26.Qe2 Bd8 27.exf5 Bxf5 28.Nbd5 Bg6 29.Ne4 Re6
30.Ra3 Qe8 31.Rb3 Rf7 32.Nb6 Bxb6 33.Rxb6 d5 34.Nd6 Qd7 35.Nxf7 Qxf7 36.Rxe6 Qxe6
37.Qd2 d4 38.h3 Qc4 39.Re1 Bxc2 40.Rxe5 Bg6 41.f4 Qf1+ 42.Kh2 Qc4 43.f5 Bf7
44.Re4 Qc7+ 45.Kh1 Bd5 46.Rxd4 Bc6 47.Rg4 Qf7 48.Qd4 Bd7 49.Rf4 Bc6 50.Rf1 Bb5
51.Rf2 Bc6 52.f6 g5 53.Re2 Qb3 54.Re3 Qc2 55.Qd3+ Qxd3 56.Rxd3 Kg6 57.Rd6 h5
58.Kg1 h4 59.Kf2  1-0

[Event "12th Open"]
[Site "St Affrique FRA"]
[Date "2004.07.24"]
[Round "1"]
[White "Degraeve,JM"]
[Black "Le Huec,M1"]
[Result "1-0"]
[WhiteElo "2530"]
[BlackElo "2162"]

1.e4 c5 2.Nf3 d6 3.Bb5+ Bd7 4.Bxd7+ Qxd7 5.O-O Nf6 6.e5 dxe5 7.Nxe5 Qc7 8.d4 e6
9.Bf4 Qd8 10.Nc3 cxd4 11.Nb5 a6 12.Nxd4 Be7 13.c3 O-O 14.Qe2 Qc8 15.Rad1 Re8
16.Rd3 Bf8 17.Rh3 Nbd7 18.Ndf3 Nxe5 19.Bxe5 Be7 20.Ng5 h6 21.Ne4 Nxe4 22.Qxe4 f6
23.Bf4 f5 24.Qe2 Bf6 25.Re3 Qd7 26.Re1 Rad8 27.g3 Kf7 28.Be5 g6 29.Bxf6 Kxf6
30.c4 Qd6 31.Re5 Rc8 32.b3 Rc6 33.Re3 Rd8 34.Re5 Re8 35.Qe3 Kg7 36.c5 Qd7
37.b4 h5 38.a4 Kf6 39.Qc3 Kf7 40.Qb3 Rcc8 41.Rd1 Qe7 42.Rd6 Rc6 43.Qd3 Rxd6
44.cxd6 Qd7 45.Rc5  1-0

[Event "Politiken Cup"]
[Site "Copenhagen DEN"]
[Date "2004.07.26"]
[Round "4"]
[White "Taksrud,V"]
[Black "Bjerke,S"]
[Result "0-1"]
[WhiteElo "1954"]
[BlackElo "2094"]

1.e4 c5 2.Nf3 d6 3.Bb5+ Bd7 4.Qe2 e6 5.O-O Be7 6.Nc3 Nc6 7.e5 a6 8.exd6 Bxd6
9.Ne4 Be7 10.Bxc6 Bxc6 11.Ne5 Bxe4 12.Qxe4 Qc7 13.Re1 Nf6 14.Qf4 Bd6 15.Qg3 O-O-O
16.f4 Nh5 17.Qf3 Nxf4 18.d4 Ng6 19.Nxf7 Bxh2+ 20.Kh1 Rhf8 21.Qh3 Rxd4 22.Rxe6 Kb8
23.Bg5 Bf4 24.c3 Bxg5 25.cxd4 Qxf7 26.Rd6 Qc4 27.Rxg6 hxg6  0-1

[Event "ch-AUT"]
[Site "Hartberg AUT"]
[Date "2004.07.27"]
[Round "4"]
[White "Brandner,S"]
[Black "Schweda,R"]
[Result "1/2-1/2"]
[WhiteElo "2328"]
[BlackElo "2420"]

1.e4 c5 2.Nf3 d6 3.Bb5+ Bd7 4.Bxd7+ Qxd7 5.c4 Nc6 6.d4 cxd4 7.Nxd4 Nf6 8.Nc3 g6
9.f3 Bg7 10.Be3 O-O 11.O-O Rfc8 12.b3 Qd8 13.Qd2 a6 14.Rac1 Rab8 15.a4 Nd7
16.Nde2 Nc5 17.Rb1 Qf8 18.Rfd1 Nb4 19.Nd4 h5 20.Nd5 Nxd5 21.exd5 Kh7 22.a5 Rc7
23.Rdc1 e5 24.dxe6 Nxe6 25.Re1 Nxd4 26.Bxd4 Bxd4+ 27.Qxd4 b5 28.axb6 Rc6
29.Qf6 Rcxb6 30.Re7 R8b7 31.Rxb7  1/2-1/2

[Event "12th Open"]
[Site "St Affrique FRA"]
[Date "2004.07.27"]
[Round "5"]
[White "Degraeve,JM"]
[Black "Nevednichy,V"]
[Result "1/2-1/2"]
[WhiteElo "2530"]
[BlackElo "2538"]

1.e4 c5 2.Nf3 d6 3.Bb5+ Bd7 4.Bxd7+ Qxd7 5.O-O Nc6 6.c3 Nf6 7.d4 Nxe4 8.d5 Ne5
9.Re1 Nf6 10.Nxe5 dxe5 11.Rxe5 O-O-O 12.c4 e6 13.Nc3 Bd6 14.Re1 exd5 15.cxd5 Qf5
16.Be3 Ng4 17.h3 Nxe3 18.Rxe3 a6 19.Qe2 Kb8 20.Rd1 h5 21.Ne4 h4 22.Nxd6 Rxd6
23.Qc4 Rhd8 24.Red3 Qg5 25.f4 Qf6 26.Qxc5 Qxb2 27.Rb3 Qf6 28.Qb4 R8d7 29.Rbd3 Qd8
30.Qe4 Qa5 31.R3d2 g6 32.Kh1 Ka7 33.Qd4+ Qb6 34.Qh8 Qc5 35.Qxh4 Rxd5 36.Rxd5 Rxd5
37.Rxd5 Qxd5 38.Qf2+ Ka8 39.Kh2 Qe4 40.g4 a5 41.Qd2 a4 42.h4 Qf3 43.Qa5+  1/2-1/2

[Event "Politiken Cup"]
[Site "Copenhagen DEN"]
[Date "2004.07.28"]
[Round "6"]
[White "Rozentalis,E"]
[Black "Hansen,Cu"]
[Result "1/2-1/2"]
[WhiteElo "2619"]
[BlackElo "2635"]

1.e4 c5 2.Nf3 d6 3.Bb5+ Nc6 4.O-O Bd7 5.Re1 Nf6 6.c3 a6 7.Bxc6 Bxc6 8.d4 Bxe4
9.Bg5 Bd5 10.c4 Bxc4 11.Bxf6 gxf6 12.d5 Bb5 13.Nc3 f5 14.Nh4 Bd7 15.Qh5 Qb6
16.Nxf5 O-O-O 17.Qxf7 Kb8 18.Re2 Be8 19.Qe6 Bd7 20.Qf7 Be8 21.Qe6 Bd7  1/2-1/2

[Event "ch-AUT"]
[Site "Hartberg AUT"]
[Date "2004.07.28"]
[Round "5"]
[White "Moser,E"]
[Black "Kwatschewsky,L"]
[Result "1-0"]
[WhiteElo "2406"]
[BlackElo "2255"]

1.e4 c5 2.Nf3 d6 3.Bb5+ Bd7 4.Bxd7+ Qxd7 5.O-O Nc6 6.c3 Nf6 7.d4 e6 8.d5 Nd8
9.Re1 Be7 10.c4 e5 11.Nc3 O-O 12.h3 Ne8 13.a3 b6 14.b4 Nb7 15.Qe2 Nc7 16.Bd2 Rfb8
17.Reb1 Ne8 18.Ne1 Rc8 19.Nd3 Nc7 20.Ra2 Bf6 21.Rab2 g6 22.bxc5 dxc5 23.f4 Re8
24.fxe5 Bxe5 25.Nxe5 Rxe5 26.Bf4 Ree8 27.e5 Nd6 28.Qf1 Nf5 29.Ne4 Qd8  1-0

[Event "7th Open"]
[Site "Korinthos GRE"]
[Date "2004.07.28"]
[Round "8"]
[White "Dembo,Y"]
[Black "Dobrov,V"]
[Result "0-1"]
[WhiteElo "2423"]
[BlackElo "2495"]

1.e4 c5 2.Nf3 d6 3.Bb5+ Nc6 4.O-O Bd7 5.Re1 Nf6 6.h3 Nd4 7.Bxd7+ Qxd7 8.Nxd4 cxd4
9.c3 dxc3 10.Nxc3 e6 11.d4 d5 12.e5 Ng8 13.Be3 Ne7 14.Rc1 Nc6 15.Qg4 h5 16.Qe2 Be7
17.Rc2 g5 18.a3 f5 19.exf6 Bxf6 20.Qf3 Ke7 21.Rce2 Raf8 22.Qg3 Rhg8 23.b4 Kf7
24.Nb5 a6 25.Nc3 Ne7 26.Rc2 Nf5 27.Qf3 g4 28.hxg4 Rxg4 29.g3 Qc7 30.Bf4 Qxf4  0-1

[Event "Skanska Open"]
[Site "Pardubice CZE"]
[Date "2004.07.28"]
[Round "6"]
[White "Arutinian,D"]
[Black "Kovchan,A"]
[Result "1-0"]
[WhiteElo "2433"]
[BlackElo "2497"]

1.e4 c5 2.Nf3 d6 3.Bb5+ Nc6 4.O-O Bd7 5.Re1 Nf6 6.c3 a6 7.Bf1 Bg4 8.d3 e6
9.Nbd2 Nd7 10.h3 Bh5 11.g4 Bg6 12.Bg2 h5 13.Nf1 Be7 14.a3 Rc8 15.Ng3 hxg4
16.hxg4 Nce5 17.Nh2 Bh4 18.Ngf1 c4 19.dxc4 Nxc4 20.Qe2 e5 21.Rd1 Rc6 22.Nf3 Be7
23.Ng3 Na5 24.Qc2 Qb6 25.Nf5 Nb3 26.Be3 Nxa1 27.Rxa1 Qd8 28.Nxg7+ Kf8 29.Nf5 Nf6
30.Nh2 Nh7 31.Nxe7 Qxe7 32.Qd2 Kg8 33.Nf1 Qe6 34.f3 f6 35.Ng3 Kf7 36.Rd1 Qb3
37.Rf1 Qb5 38.f4 exf4 39.Rxf4 Ng5 40.Bd4 d5 41.exd5 Rd6 42.Rxf6+ Rxf6 43.Qxg5 Rb6
44.Bxh8 Qxb2 45.Bd4 Qb1+ 46.Nf1 Rb2 47.d6  1-0

[Event "Politiken Cup"]
[Site "Copenhagen DEN"]
[Date "2004.07.30"]
[Round "8"]
[White "Dannevig,O"]
[Black "Bjerke,R"]
[Result "0-1"]
[WhiteElo "2363"]
[BlackElo "2232"]

1.e4 c5 2.Nf3 d6 3.Bb5+ Bd7 4.Bxd7+ Qxd7 5.O-O Nc6 6.c3 Nf6 7.d4 e6 8.d5 Ne5
9.Nxe5 dxe5 10.dxe6 Qxe6 11.Qe2 Be7 12.c4 O-O 13.Nc3 Rfe8 14.b3 Rac8 15.Bb2 Bf8
16.Rad1 g6 17.Rd3 Rcd8 18.Nd5 Nxd5 19.exd5 Qa6 20.Re3 f6 21.f4 Bh6 22.Re4 Qxa2
23.fxe5 f5 24.Rh4 Bg7 25.Re1 Qxb3 26.Rh3 Qb6 27.Bc3 Qc7 28.e6 Bd4+ 29.Bxd4 cxd4
30.Rh4 b5 31.e7 Rd6 32.cxb5 Qc5 33.Qa2 d3+ 34.Kf1 Qxd5 35.Qxa7 Rd7 36.Qf2 d2
37.Rd1 Qxb5+ 38.Kg1 Qb3 39.Qf3 Qxf3 40.gxf3 Rexe7 41.Kf2 Re5 42.Rb4 Kf7 43.Rb2 Red5
44.Ke2 g5 45.Ra2 Kf6 46.Kf2 Ke5 47.Ra4 Rd4 48.Rxd4 Rxd4 49.Ke3 h5 50.Rxd2 f4+
51.Ke2 Rxd2+ 52.Kxd2 Kd4 53.Ke2 Kc3 54.Kf2 Kd2 55.Kg2 Ke2 56.Kh3 Ke3 57.Kg2 g4  0-1

[Event "Politiken Cup"]
[Site "Copenhagen DEN"]
[Date "2004.07.30"]
[Round "8"]
[White "Vuilleumier,A"]
[Black "Bjerke,S"]
[Result "1-0"]
[WhiteElo "2259"]
[BlackElo "2094"]

1.e4 c5 2.Nf3 d6 3.Bb5+ Bd7 4.Bxd7+ Qxd7 5.c4 Nc6 6.d4 cxd4 7.Nxd4 Nf6 8.Nc3 g6
9.O-O Bg7 10.Nde2 O-O 11.f3 a6 12.Bg5 e6 13.Qd2 Ne5 14.b3 b5 15.cxb5 axb5
16.Rad1 Ra6 17.Qf4 Nh5 18.Qh4 f5 19.exf5 exf5 20.Qb4 Re8 21.Rd5 Rc6 22.Rfd1 Qa7+
23.Kf1 f4 24.Bh4 Nf6 25.Rxb5 Nfg4 26.fxg4 Nxg4 27.Nd5 Nxh2+ 28.Ke1 Qg1+ 29.Kd2 Qxg2
30.Ne7+ Kh8 31.Qxf4 Nf3+ 32.Kd3 Nxh4 33.Rg1 Qh3+ 34.Rg3 Qh1 35.Nxc6 Qd1+
36.Qd2 Qh1 37.Re3 Qxc6 38.Rxe8+ Qxe8 39.Qb4 Qe7 40.Rb8+ Bf8 41.Rxf8+ Qxf8
42.Qxh4 Qf1 43.Qf4 Qb1+ 44.Ke3 Kg7 45.Nd4  1-0

[Event "ch-AUT"]
[Site "Hartberg AUT"]
[Date "2004.07.30"]
[Round "7"]
[White "Neumeier,K"]
[Black "Hatzl,S"]
[Result "1-0"]
[WhiteElo "2305"]
[BlackElo "2213"]

1.e4 c5 2.Nf3 d6 3.Bb5+ Bd7 4.Bxd7+ Qxd7 5.c4 Nc6 6.Nc3 g6 7.d4 cxd4 8.Nxd4 Bg7
9.Nde2 Nf6 10.O-O O-O 11.f3 Rfc8 12.Be3 Qd8 13.b3 a6 14.a4 Nd7 15.Rb1 Na5
16.Qd2 Nc5 17.Qa2 b5 18.cxb5 axb5 19.Nxb5 Naxb3 20.Rxb3 Nxb3 21.Qxb3 Qa5
22.Nf4 Qxa4 23.Qxa4 Rxa4 24.Nd5 Rb8 25.Rc1 Ra1 26.Rxa1 Bxa1 27.Ndc3 Bxc3
28.Nxc3 Rb3 29.Bd2 f5 30.Kf2 Kf7 31.h4 e6 32.g4 fxg4 33.fxg4 h5 34.gxh5 gxh5
35.Ne2 e5 36.Ng3 Kg6 37.Nf5 Rh3 38.Bg5 Rh2+ 39.Kg3 Rc2 40.Nxd6 Rc3+ 41.Kf2 Rc6
42.Nf5 Ra6 43.Ke2 Ra3 44.Nd6 Ra4 45.Be3 Kf6 46.Kd3 Ra3+ 47.Kd2 Ra2+ 48.Kd3 Ra3+
49.Ke2 Ra2+ 50.Kf3 Ra3 51.Nf5 Rb3 52.Ng3 Kg6 53.Nh1 Ra3 54.Nf2 Kf6 55.Ke2 Ra2+
56.Bd2 Ra3 57.Nd3 Ra2 58.Ke3 Ke6 59.Be1 Rg2 60.Kf3 Rg8 61.Bg3 Rf8+ 62.Kg2 Ra8
63.Nxe5 Ra4 64.Kf3 Ra3+ 65.Kf4 Ra5 66.Nf3 Ra4 67.Bf2 Ra2 68.Ng5+ Kd7 69.Bg3 Ra3
70.Bf2 Ra2 71.Bd4 Rg2 72.Kf5 Rg4 73.Nf3 Rg3 74.Ne5+ Ke8 75.Ng6 Rg4 76.Bf6 Rg1
77.Nf4 Rf1 78.e5 Rf2 79.e6 Rf1 80.Bg5 Rb1 81.Nxh5 Rf1+ 82.Kg6 Rf8 83.Ng7+  1-0

[Event "Open Dutch Champ"]
[Site "Dieren NED"]
[Date "2004.07.31"]
[Round "5"]
[White "Tan,Mat"]
[Black "Savchenko,S"]
[Result "1/2-1/2"]
[WhiteElo "2264"]
[BlackElo "2521"]

1.e4 c5 2.Nf3 d6 3.Bb5+ Bd7 4.Bxd7+ Qxd7 5.c4 Nf6 6.Nc3 g6 7.O-O Bg7 8.d4 cxd4
9.Nxd4 O-O 10.f3 Rc8 11.b3 d5 12.exd5 Nxd5 13.Nxd5 e6 14.Bh6 exd5 15.Bxg7 Kxg7
16.Nb5 dxc4 17.Nd6 Rd8 18.Nxb7 Qxd1 19.Raxd1 Rxd1 20.Rxd1 cxb3 21.axb3 Nc6  1/2-1/2

[Event "Summer Open"]
[Site "Pirot SCG"]
[Date "2004.07.31"]
[Round "8"]
[White "Zivkovic,Mo"]
[Black "Martinovic,Sl"]
[Result "0-1"]
[WhiteElo "2091"]
[BlackElo "2443"]

1.e4 c5 2.Nf3 d6 3.Bb5+ Bd7 4.Bxd7+ Nxd7 5.O-O Ngf6 6.Re1 e6 7.c3 Be7 8.d4 O-O
9.h3 Rc8 10.e5 Ne8 11.Bf4 Nb6 12.dxc5 Rxc5 13.b4 Rc8 14.Qb3 Nd5 15.Bg3 Qc7
16.Rd1 dxe5 17.Bxe5 Bd6 18.Bd4 Nef6 19.Re1 Rfe8 20.Ne5 Bxe5 21.Bxe5 Qc6 22.a4 Nd7
23.b5 Qc4 24.Qxc4 Rxc4 25.Bd4 a6 26.Nd2 Rc7 27.c4 Nb4 28.Rec1 e5 29.Be3 f5
30.f3 Rec8 31.Rc3 Kf7 32.Bf2 Nc5 33.Raa3 Rd7 34.Bxc5 Rxc5 35.Nb3 Rd1+ 36.Kh2 Rc7
37.c5 Nd5 38.Rc1 Rxc1 39.Nxc1 axb5 40.axb5 Rxc5 41.Nd3 Rc3 42.Nxe5+ Ke6 43.Rxc3 Nxc3
44.Nd3 b6 45.Nb2 Kd6 46.Kg3 Nxb5 47.Na4 Kc6 48.Kf4 Nd4  0-1

[Event "ch-AUT"]
[Site "Hartberg AUT"]
[Date "2004.08.01"]
[Round "9"]
[White "Moser,E"]
[Black "Pilaj,H"]
[Result "1/2-1/2"]
[WhiteElo "2406"]
[BlackElo "2425"]

1.e4 c5 2.Nf3 d6 3.Bb5+ Bd7 4.Bxd7+ Nxd7 5.O-O Ngf6 6.Qe2 e6 7.b3 Be7 8.Bb2 O-O
9.c4 Re8 10.Nc3 a6 11.d4 cxd4 12.Nxd4 Qc7 13.Rac1 Qc5 14.Rfd1 Ne5 15.Kh1 Ng6
16.Rc2 Rac8 17.Bc1 Bf8 18.Be3 Qe5 19.Nf3 Qa5 20.Bd4 b5 21.e5 dxe5 22.Nxe5 Nxe5
23.Bxe5 bxc4 24.bxc4 Be7 25.Bxf6 Bxf6 26.Ne4 Be7 27.Nd6 Bxd6 28.Rxd6 Qb4
29.Rd1 Qc5 30.h4 g6 31.g3 Re7 32.Kh2 Rec7 33.Qf3 Qe5 34.Qa3 a5 35.Rcd2 Kg7
36.Rd8 Rxd8 37.Rxd8 Rc5 38.Qd3 Qb2 39.Kg2 Rf5 40.Qe3 Qe5 41.Qxe5+ Rxe5 42.Kf3 Kf6
43.Rb8 Rc5 44.Ke4  1/2-1/2

[Event "Open"]
[Site "Kavala GRE"]
[Date "2004.08.01"]
[Round "3"]
[White "Markidis,K"]
[Black "Lupulescu,C"]
[Result "0-1"]
[WhiteElo "2381"]
[BlackElo "2555"]

1.e4 c5 2.Nf3 d6 3.Bb5+ Nd7 4.c3 Nf6 5.Qe2 a6 6.Ba4 Qc7 7.Bc2 c4 8.a4 d5
9.exd5 Nxd5 10.d4 cxd3 11.Qxd3 e6 12.O-O Be7 13.Re1 b6 14.Nbd2 Bb7 15.Ne4 h6
16.Nd4 O-O-O 17.Qe2 Ne5 18.Bd2 g5 19.g3 Rhg8 20.Nxg5 Bxg5 21.Bxg5 Rxg5 22.h4 Nf4  0-1

[Event "XI Summer Open"]
[Site "Nice FRA"]
[Date "2004.08.03"]
[Round "3"]
[White "Mrdja,M"]
[Black "Bancod,R"]
[Result "1/2-1/2"]
[WhiteElo "2432"]
[BlackElo "2354"]

1.e4 c5 2.Nf3 d6 3.Bb5+ Nd7 4.O-O Nf6 5.Re1 a6 6.Bf1 e5 7.c3 Be7 8.d4 O-O
9.a4 b6 10.Nbd2 Qc7 11.b3 Re8 12.Bb2 Bf8 13.Rc1 Rb8 14.dxe5 Nxe5 15.Nxe5 dxe5
16.c4 Rd8 17.Qc2 Re8 18.Nb1  1/2-1/2

[Event "Open Dutch Champ"]
[Site "Dieren NED"]
[Date "2004.08.04"]
[Round "8"]
[White "Rothuis,V"]
[Black "Van Blitterswijk,S"]
[Result "1/2-1/2"]
[WhiteElo "2137"]
[BlackElo "2406"]

1.e4 c5 2.Nf3 d6 3.Bb5+ Nd7 4.d4 Nf6 5.Nc3 a6 6.Bxd7+ Nxd7 7.dxc5 Nxc5 8.Be3 b6
9.e5 e6 10.b4 Nb7 11.Na4 b5 12.Nb6 Rb8 13.c3 Qc7 14.Qd4 d5 15.O-O Nd8 16.Nxc8 Rxc8
17.Qg4 Nc6 18.Rfe1 h6 19.a4 g6 20.axb5 axb5 21.Nd4 Nxd4 22.Bxd4 Be7 23.Ra7 Qd8
24.Rea1 O-O 25.R1a6 Bxb4 26.Rxe6 Qg5 27.Qxg5 hxg5 28.Rb6 Bxc3 29.Bxc3 Rxc3
30.h3 Rc1+  1/2-1/2

[Event "Australian Masters"]
[Site "Melbourne AUS"]
[Date "2004.08.04"]
[Round "2"]
[White "Levi,E"]
[Black "West,G"]
[Result "0-1"]
[WhiteElo "2278"]
[BlackElo "2362"]

1.e4 c5 2.Nf3 d6 3.Bb5+ Bd7 4.Bxd7+ Nxd7 5.O-O Ngf6 6.Re1 e6 7.d4 cxd4 8.Qxd4 Be7
9.c4 O-O 10.Nc3 a6 11.Bg5 Qc7 12.Rac1 Rfc8 13.b3 h6 14.Bh4 Bf8 15.Qd2 Ne8
16.Bg3 Qa5 17.Bf4 b5 18.Nb1 Qxd2 19.Nbxd2 Nc5 20.Re3 Nf6 21.b4 Na4 22.Rb3 Nb6
23.Rbc3 bxc4 24.Be3 Rab8 25.Bxb6 Rxb6 26.Rxc4 Rxc4 27.Rxc4 d5 28.exd5 exd5
29.Rc8 Rxb4 30.Nb3 a5 31.g3 a4 32.Nbd4 g6 33.Ra8 a3 34.Nb3 Rc4 35.Nfd4 Ne4
36.Kf1 Nc3 37.Nc2 Nxa2 38.Nxa3 Rc3 39.Rb8 Nb4 40.Nc5 Rxc5 41.Ke1  0-1

[Event "3rd Asean GM"]
[Site "Bangkok THA"]
[Date "2004.08.05"]
[Round "9"]
[White "Yu Shaoteng"]
[Black "Dao Thien Hai"]
[Result "1/2-1/2"]
[WhiteElo "2476"]
[BlackElo "2583"]

1.e4 c5 2.Nf3 d6 3.Bb5+ Bd7 4.Bxd7+ Qxd7 5.O-O Nc6 6.c3 Nf6 7.Re1 e6 8.d4 Be7
9.Bg5 Rd8 10.Nbd2 O-O  1/2-1/2

[Event "Open"]
[Site "Davos SUI"]
[Date "2004.08.05"]
[Round "6"]
[White "Stovring,C"]
[Black "Littlewood,P"]
[Result "0-1"]
[WhiteElo "2032"]
[BlackElo "2396"]

1.e4 c5 2.Nf3 d6 3.Bb5+ Bd7 4.Bxd7+ Qxd7 5.O-O Nf6 6.Re1 Nc6 7.c3 e6 8.d4 cxd4
9.cxd4 d5 10.e5 Ne4 11.Nbd2 Nxd2 12.Bxd2 Be7 13.a3 O-O 14.Rc1 Rfc8 15.Qb3 a5
16.Rc2 a4 17.Qd3 Na7 18.Rec1 h6 19.Rxc8+ Rxc8 20.Rxc8+ Qxc8 21.Kf1 Qc4 22.Ke2 Nb5
23.h3 Kf8 24.Ke3 Ke8 25.Ne1 Kd7 26.Nc2 Kc6 27.Qxc4+ dxc4 28.Ke4 Nc7 29.Bb4 f5+
30.exf6 Bxf6 31.Bf8 Kb5 32.Nb4 c3 33.bxc3 Kc4 34.f4 Nb5 35.g4 Nxc3+ 36.Kf3 Nb5
37.h4 Bxd4 38.h5 Nxa3 39.g5 Nb5 40.Nc2 Bc3 41.gxh6 gxh6 42.Bxh6 Kd3 43.Bf8 Kxc2
44.h6 a3  0-1

[Event "It A"]
[Site "Montreal CAN"]
[Date "2004.08.05"]
[Round "2"]
[White "Rozentalis,E"]
[Black "Charbonneau,P"]
[Result "0-1"]
[WhiteElo "2619"]
[BlackElo "2472"]

1.e4 c5 2.Nf3 d6 3.Bb5+ Bd7 4.Bxd7+ Qxd7 5.O-O Nf6 6.e5 dxe5 7.Nxe5 Qc7 8.d4 e6
9.Bf4 Bd6 10.Nc3 a6 11.Bg3 Nc6 12.Nxc6 Bxg3 13.fxg3 Qxc6 14.d5 exd5 15.Re1+ Kd7
16.Qf3 Rad8 17.Rad1 Rhe8 18.Qf5+ Kc7 19.Rxe8 Qxe8 20.h3 Qe6 21.Qg5 g6 22.Rf1 Ne8
23.Qh6 d4 24.Na4 b6 25.Qxh7 Nd6 26.b3 Rd7 27.Qh8 Rd8 28.Qh4 Re8 29.g4 Qe3+
30.Kh2 b5 31.Nb2 Qc3 32.Nd3 Qxc2 33.Rf3 Qe2 34.Qg3 Kc6 35.Rf6 Re6 36.Rf2 Qe3
37.Rf3 Qe4 38.b4 c4 39.Nc5 Qe5 40.Nxe6 Qxg3+ 41.Kxg3 fxe6 42.Kf2 c3 43.Ke1 e5
44.h4 e4 45.Rh3 Nc4  0-1

[Event "XI Summer Open"]
[Site "Nice FRA"]
[Date "2004.08.06"]
[Round "6"]
[White "Bancod,R"]
[Black "Paragua,M"]
[Result "0-1"]
[WhiteElo "2354"]
[BlackElo "2529"]

1.e4 c5 2.Nf3 d6 3.Bb5+ Nc6 4.O-O Bd7 5.Re1 a6 6.Bf1 Bg4 7.h3 Bxf3 8.Qxf3 g6
9.c3 Bg7 10.Na3 Nf6 11.Nc2 Nd7 12.Rb1 O-O 13.b4 b5 14.a4 c4 15.Ne3 e6 16.Bb2 Nf6
17.d4 cxd3 18.axb5 d2 19.Red1 axb5 20.Rxd2 Ne5 21.Qf4 Nh5 22.Qh2 Bh6 23.Be2 Bf4
24.Qh1 Ng3  0-1

[Event "ch-GBR"]
[Site "Scarborough ENG"]
[Date "2004.08.07"]
[Round "6"]
[White "Briscoe,C"]
[Black "Burrows,M"]
[Result "1/2-1/2"]
[WhiteElo "2157"]
[BlackElo "2226"]

1.e4 c5 2.Nf3 d6 3.Bb5+ Nd7 4.O-O Nf6 5.Re1 a6 6.Bd3 e5 7.c3 Be7 8.Bc2 O-O
9.d3 b5 10.Nbd2 Bb7 11.Nf1 Re8 12.Ng3 Qc7 13.d4 Bf8 14.d5 c4 15.Nf5 h6 16.h4 Nc5
17.Nh2 Bc8 18.Ng4 Nxg4 19.Qxg4 Kh8 20.h5 Nd7 21.a4 Nf6 22.Qf3 Bxf5 23.Qxf5 Qc8
24.Qf3 Qg4 25.Qxg4 Nxg4 26.f3 Nf6 27.g4 Reb8 28.axb5 axb5 29.Be3 Be7 30.Reb1 Nd7
31.Ba7 Rb7 32.Bf2 Rxa1 33.Rxa1 Bg5 34.Kf1 Kg8 35.Ra6 Be7 36.Ke2 Kf8 37.Ra8+ Rb8
38.Ra7 Ke8 39.b3 cxb3 40.Bxb3 Kd8 41.Ra6 Kc7 42.Ra7+ Rb7 43.Ra8 Rb8 44.Ra7+ Rb7
45.Ra8 Rb8 46.Ra7+  1/2-1/2